Traité de chimie Inorganique / (Record no. 81079)

MARC details
000 -LEADER
campo de control de longitud fija 00673nam a2200205 i 4500
001 - NÚMERO DE CONTROL
campo de control 81079
003 - IDENTIFICADOR DE NÚMERO DE CONTROL
campo de control ES-MaACL
005 - FECHA Y HORA DE LA ÚLTIMA TRANSACCIÓN
campo de control 20250728232929.0
007 - CAMPO FIJO DE DESCRIPCIÓN FÍSICA--INFORMACIÓN GENERAL
campo de control de longitud fija t|
008 - DATOS DE LONGITUD FIJA--INFORMACIÓN GENERAL
campo de control de longitud fija 041102s1912 fr ||||1| fre d
100 1# - ENTRADA PRINCIPAL--NOMBRE DE PERSONA
Nombre de persona Holleman, A. F.
9 (RLIN) 64030
245 10 - MENCIÓN DEL TÍTULO
Título Traité de chimie Inorganique /
Mención de responsabilidad, etc. par A.F. Holleman ; transcrite par E.H. Racine ; revué et augmentée par l'auteur, avec un préface de Ph. A. Guye.
260 ## - PUBLICACIÓN, DISTRIBUCIÓN, ETC.
Lugar de publicación, distribución, etc. Paris :
Nombre del editor, distribuidor, etc. L. Geisler,
Fecha de publicación, distribución, etc. 1912.
300 ## - DESCRIPCIÓN FÍSICA
Extensión 519 p. :
Otras características físicas il. ;
Dimensiones 24 cm.
650 07 - PUNTO DE ACCESO ADICIONAL DE MATERIA--TÉRMINO DE MATERIA
Término de materia o nombre geográfico como elemento de entrada Química inorgánica
Fuente del encabezamiento o término embne
9 (RLIN) 16638
700 1# - ENTRADA AGREGADA--NOMBRE PERSONAL
Nombre de persona Racine, E.H.
9 (RLIN) 94886
700 1# - ENTRADA AGREGADA--NOMBRE PERSONAL
Nombre de persona Guye, Ph. A.
9 (RLIN) 61265
852 ## - LOCALIZACIÓN
Ubicación ES-MaACL
Número de control de estantería G-13810
Holdings
Estatus retirado Estado de pérdida Estado de daño No para préstamo Biblioteca de origen Biblioteca actual Ubicación en estantería Fecha de adquisición Fuente de adquisición Total de préstamos Signatura topográfica completa Código de barras Visto por última vez Precio de reemplazo Tipo de ítem Koha
        Biblioteca del Ateneo de Madrid Biblioteca del Ateneo de Madrid Sala Pecera Planta 3 17/01/2008     G-13810 1084757 23/02/2023 23/02/2023 Libro impreso